000 00466nam a2200169Ia 4500
999 _c27924
_d27924
003 OSt
005 20210101144955.0
008 190216s9999||||xx |||||||||||||| ||und||
040 _coclc
082 _a741
_bVIJ/I
100 _aVijayan, O V
_91775
245 0 _aIthiri Nerambokku Ithiri Darsanam /
_cO V Vijayan
260 _bDc Books,
_aKottayam:
_c1999.
300 _a96p
650 _aMalayalam
942 _cBK
_2ddc
_h741
_iVIJ/I
_k741
_mVIJ/I